[Event "Florencia op"]
[Site "Florencia"]
[Date "2015.12.06"]
[Round "4"]
[White "Arismendi Polanco, Efrain Steven"]
[Black "Valencia Lopez, Daily Vanessa"]
[Result "1-0"]
[WhiteElo "1944"]
[BlackElo "1608"]
[PlyCount "51"]
[EventDate "2015.12.04"]
[EventType "swiss"]
[EventRounds "7"]
[EventCountry "COL"]
[SourceTitle "CBM 169 Extra"]
[Source "ChessBase"]
[SourceDate "2015.12.18"]
[SourceVersion "1"]
[SourceVersionDate "2015.12.18"]
[SourceQuality "1"]

1. e4 c5 2. Nf3 d6 3. d4 cxd4 4. Nxd4 Nf6 5. Nc3 a6 6. Be2 e5 7. Nb3 Be6 8. g4 Be7 9. Be3 b5 10. g5 Nfd7 11. Qd2 Qc7 12. h4 Nb6 13. f4 N8d7 14. f5 Bc4 15. h5 Bxe2 16. Qxe2 b4 17. Nd5 Nxd5 18. exd5 Rc8 19. Qxa6 Qc4 20. Qxc4 Rxc4 21. 0-0-0 0-0 22. Rdg1 Rfc8 23. Rh2 Kh8 24. Kb1 f6 25. h6 Rg8 26. g6 1-0

[Event "Florencia op"]
[Site "Florencia"]
[Date "2015.12.06"]
[Round "3"]
[White "Toledo, Hernan Dario"]
[Black "Arismendi Polanco, Efrain Steven"]
[Result "0-1"]
[WhiteElo "1644"]
[BlackElo "1944"]
[PlyCount "46"]
[EventDate "2015.12.04"]
[EventType "swiss"]
[EventRounds "7"]
[EventCountry "COL"]
[SourceTitle "CBM 169 Extra"]
[Source "ChessBase"]
[SourceDate "2015.12.18"]
[SourceVersion "1"]
[SourceVersionDate "2015.12.18"]
[SourceQuality "1"]

1. e4 c5 2. Nf3 d6 3. Bc4 Nf6 4. d3 g6 5. 0-0 Bg7 6. c3 0-0 7. Re1 Nc6 8. h3 d5 9. exd5 Nxd5 10. Nbd2 a6 11. Nf1 b6 12. a3 b5 13. Ba2 b4 14. axb4 cxb4 15. Qb3 e6 16. d4 Na5 17. Qa4 Bd7 18. Qd1 bxc3 19. Bxd5 cxb2 20. Bxb2 exd5 21. Ne3 Nc4 22. Nxc4 dxc4 23. Bc3 Bb5 0-1

[Event "COL-ch Superate B"]
[Site "Colombia"]
[Date "2015.10.15"]
[Round "2.3"]
[White "Arismendi Polanco, Efrain Steven"]
[Black "Diaz Herrera, Leider Andres"]
[Result "1/2-1/2"]
[WhiteElo "1734"]
[BlackElo "1960"]
[PlyCount "37"]
[EventDate "2015.10.15"]
[EventType "swiss (rapid)"]
[EventRounds "6"]
[EventCountry "COL"]
[SourceTitle "EXT 2024"]
[Source "ChessBase"]
[SourceDate "2023.10.10"]
[SourceVersion "1"]
[SourceVersionDate "2023.10.10"]
[SourceQuality "1"]

1. f4 d5 2. Nf3 g6 3. e3 Bg7 4. d4 Nd7 5. Bd3 c5 6. c3 Ngf6 7. Nbd2 b6 8. 0-0 Bb7 9. Ne5 Ne4 10. Qf3 f5 11. h3 Nxe5 12. fxe5 0-0 13. h4 e6 14. Bxe4 fxe4 15. Qh3 Qe7 16. a4 Ba6 17. Rxf8+ Rxf8 18. a5 Bb5 19. Qg3 1/2-1/2

[Event "COL-ch Superate B"]
[Site "Colombia"]
[Date "2015.10.14"]
[Round "6.1"]
[White "Arismendi Polanco, Efrain Steven"]
[Black "Blandon, Luis Guillermo"]
[Result "0-1"]
[WhiteElo "1833"]
[BlackElo "2145"]
[PlyCount "74"]
[EventDate "2015.10.14"]
[EventType "swiss (blitz)"]
[EventRounds "12"]
[EventCountry "COL"]
[SourceTitle "EXT 2024"]
[Source "ChessBase"]
[SourceDate "2023.10.10"]
[SourceVersion "1"]
[SourceVersionDate "2023.10.10"]
[SourceQuality "1"]

1. f4 Nf6 2. b4 e6 3. a3 c5 4. bxc5 Bxc5 5. Nf3 b6 6. e3 Bb7 7. Be2 Ba6 8. Bb2 d5 9. 0-0 Bxe2 10. Qxe2 Nbd7 11. d3 Ng4 12. Bc1 Qf6 13. c3 0-0 14. h3 Nh6 15. Bb2 Nf5 16. d4 Bd6 17. Nbd2 Ng3 18. Qf2 Nxf1 19. Rxf1 Qe7 20. Kh1 f5 21. a4 Nf6 22. Rg1 Ne4 23. Qe1 Kh8 24. g4 g6 25. g5 Rac8 26. Nxe4 dxe4 27. Nd2 Ba3 28. Ba1 Kg8 29. h4 Kf7 30. c4 Bb4 31. h5 Bxd2 32. Qxd2 Rxc4 33. a5 Qc7 34. axb6 axb6 35. Bb2 Rc2 36. Qb4 Qc4 37. Qxb6 Qe2 0-1

[Event "Bogota Superate Cat B Avanzado"]
[Site "Bogota"]
[Date "2015.10.13"]
[Round "3.3"]
[White "Rincon R, Javier Duvan"]
[Black "Arismendi Polanco, Efrain Steven"]
[Result "0-1"]
[WhiteElo "1850"]
[BlackElo "1913"]
[PlyCount "90"]
[EventDate "2015.10.12"]
[EventType "swiss"]
[EventRounds "5"]
[EventCountry "COL"]
[SourceTitle "EXT 2024"]
[Source "ChessBase"]
[SourceDate "2023.10.10"]
[SourceVersion "1"]
[SourceVersionDate "2023.10.10"]
[SourceQuality "1"]

1. e4 c5 2. Nf3 d6 3. d4 cxd4 4. Nxd4 Nf6 5. Nc3 g6 6. Be3 Bg7 7. f3 0-0 8. Qd2 Nc6 9. Bc4 Bd7 10. 0-0-0 Rc8 11. Bb3 Nxd4 12. Bxd4 b5 13. Bxa7 b4 14. Ne2 Qa5 15. Bd4 Ba4 16. Bxa4 Qxa4 17. Kb1 Ra8 18. Nc1 Rfc8 19. b3 Qa5 20. g4 Rc3 21. Rhf1 Ne8 22. Bxg7 Kxg7 23. Qd5 Qa3 24. Rd3 Kg8 25. Rd4 Qa6 26. Rf2 Rc5 27. Qxa8 Qxa8 28. Rxb4 Nc7 29. Nd3 Ra5 30. a4 Na6 31. Rc4 Qa7 32. Kb2 d5 33. exd5 Rxd5 34. Re2 e6 35. f4 Rd4 36. Rc8+ Kg7 37. g5 Rxa4 38. h4 Qd4+ 39. Kc1 Ra1+ 40. Kd2 Qd7 41. Rc4 Nc7 42. Rh2 Nd5 43. h5 gxh5 44. Rxh5 Qa7 45. f5 Qe3# 0-1

[Event "COL-chT Cup"]
[Site "Bogota"]
[Date "2015.06.07"]
[Round "4.3"]
[White "Arismendi Polanco, Efrain Steven"]
[Black "Ortegon Villacorte, Linda Daniela"]
[Result "1-0"]
[WhiteElo "1795"]
[BlackElo "1836"]
[PlyCount "43"]
[EventDate "2015.06.06"]
[EventType "team-swiss"]
[EventRounds "6"]
[EventCountry "COL"]
[SourceTitle "CBM 166 Extra"]
[Source "ChessBase"]
[SourceDate "2015.06.18"]
[SourceVersion "1"]
[SourceVersionDate "2015.06.18"]
[SourceQuality "1"]
[WhiteTeam "Caqueta"]
[BlackTeam "Marca (Women)"]
[WhiteTeamCountry "COL"]
[BlackTeamCountry "COL"]

1. e4 e6 2. d4 d5 3. Nd2 Nf6 4. e5 Nfd7 5. Bd3 c5 6. c3 Nc6 7. Ngf3 cxd4 8. cxd4 f6 9. Ng5 Ncxe5 10. dxe5 Nxe5 11. Bb5+ Nc6 12. Ngf3 Bd6 13. Nb3 0-0 14. 0-0 e5 15. Re1 Bg4 16. h3 Bh5 17. Be3 Ne7 18. Nc5 Qa5 19. Qb3 a6 20. Nxb7 Qc7 21. Nxd6 Qxd6 22. Be2 1-0

[Event "South Region-ch U16 Integrada"]
[Site "Neiva"]
[Date "2015.03.29"]
[Round "3.2"]
[White "Calderon Zuta, Nicolas"]
[Black "Arismendi Polanco, Efrain Steven"]
[Result "0-1"]
[WhiteElo "1748"]
[BlackElo "1797"]
[PlyCount "62"]
[EventDate "2015.03.28"]
[EventType "swiss"]
[EventRounds "6"]
[EventCountry "COL"]
[SourceTitle "EXT 2024"]
[Source "ChessBase"]
[SourceDate "2023.10.10"]
[SourceVersion "1"]
[SourceVersionDate "2023.10.10"]
[SourceQuality "1"]

1. e4 c5 2. Nf3 d6 3. d4 cxd4 4. Nxd4 Nf6 5. Nc3 a6 6. f3 e5 7. Nb3 Be6 8. Be3 Be7 9. Be2 0-0 10. 0-0 b5 11. Kh1 Nbd7 12. Qd2 Nb6 13. Bxb6 Qxb6 14. Rad1 Rfd8 15. Nd5 Bxd5 16. exd5 a5 17. c4 a4 18. Nc1 bxc4 19. Bxc4 Rdc8 20. b3 Ra5 21. Nd3 Nd7 22. Qb4 Qa7 23. Qd2 Qa8 24. Nb4 Nb8 25. Rfe1 f5 26. Nd3 Kh8 27. Nb4 Rac5 28. Nd3 R5c7 29. Nxe5 dxe5 30. d6 Rd7 31. Rxe5 Rxd6 0-1

[Event "Bogota Superate Intercol Adv B"]
[Site "Bogota"]
[Date "2014.10.28"]
[Round "3.7"]
[White "Arismendi Polanco, Efrain Steven"]
[Black "Walteros, Juan Diego"]
[Result "1-0"]
[WhiteElo "1887"]
[BlackElo "1725"]
[PlyCount "37"]
[EventDate "2014.10.28"]
[EventType "swiss (blitz)"]
[EventRounds "8"]
[EventCountry "COL"]
[SourceTitle "EXT 2024"]
[Source "ChessBase"]
[SourceDate "2023.10.10"]
[SourceVersion "1"]
[SourceVersionDate "2023.10.10"]
[SourceQuality "1"]

1. e4 e6 2. d4 d5 3. Nd2 c5 4. exd5 exd5 5. Bb5+ Bd7 6. Qe2+ Be7 7. Ngf3 a6 8. Bxd7+ Nxd7 9. dxc5 Nxc5 10. 0-0 Nf6 11. Re1 Nfe4 12. Nxe4 Nxe4 13. Nd2 f5 14. f3 Nxd2 15. Bxd2 Kf7 16. Qe6+ Kf8 17. Re5 Bc5+ 18. Kh1 g6 19. Bh6# 1-0

[Event "Bogota Superate Intercol Adv-B"]
[Site "Bogota"]
[Date "2014.10.27"]
[Round "5.2"]
[White "Zapata Arbelaes, Estiven"]
[Black "Arismendi Polanco, Efrain Steven"]
[Result "1-0"]
[WhiteElo "2163"]
[BlackElo "1745"]
[PlyCount "59"]
[EventDate "2014.10.25"]
[EventType "swiss (rapid)"]
[EventRounds "6"]
[EventCountry "COL"]
[SourceTitle "EXT 2024"]
[Source "ChessBase"]
[SourceDate "2023.10.10"]
[SourceVersion "1"]
[SourceVersionDate "2023.10.10"]
[SourceQuality "1"]

1. d4 Nf6 2. c4 g6 3. Nc3 Bg7 4. e4 d6 5. Nf3 0-0 6. Be2 e5 7. 0-0 Nc6 8. Be3 Ne8 9. dxe5 Nxe5 10. Nxe5 Bxe5 11. Bd4 Nf6 12. f4 Bxd4+ 13. Qxd4 Qe7 14. Bf3 Nd7 15. Rae1 a5 16. Kh1 Re8 17. Nd5 Qd8 18. Bg4 f5 19. exf5 Rxe1 20. Rxe1 Qh4 21. Ne7+ Kf7 22. fxg6+ hxg6 23. Qd5+ Ke8 24. Qd1 Kf7 25. Nxc8 Rxc8 26. Bxd7 Rh8 27. Bh3 Qf6 28. Qd5+ Kg7 29. f5 gxf5 30. Qxf5 1-0

[Event "Pan American Amateur-ch"]
[Site "San Andres Islas"]
[Date "2014.08.27"]
[Round "2"]
[White "Arismendi Polanco, Efrain Steven"]
[Black "Pedraza, Yonnattanth"]
[Result "0-1"]
[WhiteElo "1832"]
[BlackElo "1950"]
[PlyCount "60"]
[EventDate "2014.08.26"]
[EventType "swiss"]
[EventRounds "9"]
[EventCountry "COL"]
[SourceTitle "EXT 2016"]
[Source "ChessBase"]
[SourceDate "2015.10.08"]
[SourceVersion "1"]
[SourceVersionDate "2015.10.08"]
[SourceQuality "1"]

1. e4 c5 2. Nf3 d6 3. d4 cxd4 4. Nxd4 Nf6 5. Nc3 g6 6. Be3 Bg7 7. f3 0-0 8. Qd2 Nc6 9. Bc4 Bd7 10. 0-0-0 Rc8 11. Bb3 Nxd4 12. Bxd4 b5 13. Bxa7 b4 14. Nd5 Nxd5 15. exd5 Qa5 16. Bd4 Ba4 17. Qe3 Bxb3 18. Qxb3 Rc7 19. Bxg7 Kxg7 20. Rd4 Rfc8 21. Rd2 Ra8 22. Rd4 Qc5 23. Re4 Rxa2 24. Rhe1 Ra1+ 25. Kd2 Rxe1 26. Rxe1 Qf2+ 27. Re2 Qd4+ 28. Ke1 Ra7 29. Qe3 Ra1+ 30. Kf2 Qh4+ 0-1